| 000 | 00696nam a2200205Ia 4500 | ||
|---|---|---|---|
| 003 | OSt | ||
| 005 | 20250527132210.0 | ||
| 008 | 210210b1976 xxu||||| |||| 00| 0 eng d | ||
| 040 | _cAL | ||
| 041 | _akan | ||
| 082 | _aK494.2 PANS | ||
| 100 |
_aPANDURANGA (Vem Chim). _9166185 _dಪಾಂಡುರಂಗ (ವೆಂ ಚಿಮ್) |
||
| 245 |
_aSamskrata-kannada vutpattikosha. (An etymological dictionary of sanskrit & kannada). _bಸಂಸ್ಕ್ರತ ಕನ್ನಡ ಉತ್ಪತ್ತಿಕೋಶ |
||
| 260 |
_aDharavada _bSamaja Pustakalaya. _c1976 |
||
| 300 | _aviii,96 | ||
| 650 |
_aEthymology _9166186 |
||
| 690 |
_aKannada Language _9166187 |
||
| 906 | _a035985 | ||
| 942 |
_2ddc _cBK |
||
| 999 |
_c86548 _d86548 |
||